000 00663nam a2200205Ii 4500
003 JO-AjNU
008 230605s9999||||xx |||||||||||||| ||und||
040 _aJO-AjNU
_bara
_erda
_cJO-AjNU
041 _aara
050 1 4 _aPN56.5.W64.A47 1994
100 3 _aجمع وإعداد المعنى،صلاح,
_eauthor
_910642
245 0 0 _aأغرب ما قيل في النساء
250 _aط1
264 3 1 _aبيروت: جروس برس، 1994
300 _a107ص
336 _atext
_btxt
_2rdacontent
337 _aunmediated
_bn
_2rdamedia
338 _avolume
_bnc
_2rdacarrier
650 4 _aالأدب العربي - النساء في الأدب العربي
_910643
999 _aA1911
_c5479
_d5479